Automatická zbraň PDW .17 LIBRA

Bibliographic Details
Main Author: Mesároš, Ľubomír (Author)
Format: Article
Language:Slovak
PhysicalDescription:Obr.
ISSN:1335-5740
Subjects:

MARC

LEADER 00000nab a2200000 a 4500
001 vtls000858276
003 SK-MaSNL
005 20260304115527.0
008 250429c2003 xo 0 slo
015 |a SNBRB2004/01-00767 
035 |a CLN000209925 
035 |a urn:nbn:sk:snk-ab1z5s 
035 |a (urnnbn)urn:nbn:sk:snk:ar-a01a7d 
035 |a (uuid)7b7adaa7-172f-4133-acfc-849d9cf138d8 
040 |a SNKBUCL  |b slo  |c SNKBUCL  |e AACR2 
041 0 |a slo 
044 |a xo  |c SK 
080 |a 623.443.37  |2 UDC-MRF-SK2 
100 1 |a Mesároš, Ľubomír  |4 aut  |9 467878 
245 1 0 |a Automatická zbraň PDW .17 LIBRA  |c Ľubomír Mesároš 
300 |b Obr. 
650 0 7 |a PDW .17 Libra (samopal)  |2 snkbucl  |9 1422194 
650 0 7 |a samopaly  |2 snkbucl  |9 14584 
655 7 |a články z novín a časopisov  |2 snkbucl  |9 267496 
773 0 |t Zbrane, strelci a lovci  |g Roč. 4, č. 10 (2003), s. 14-16  |x 1335-5740 
850 |a Slovenská národná knižnica 
852 |a Slovenská národná knižnica 
958 |a article27 
958 |a OND 
958 |a EUIPO 
999 |c 2876257  |d 2878187